Česká rebelie na Podřipsku : historie o poddaných a pánech z let 1619-1621 / Václav Chaloupecký

Hlavní autor: Chaloupecký, Václav, 1882-1951
Jazyk: Čeština
Vydáno: Praha : Českomoravské podniky tiskařské a vydavatelské, 1918
Fyzický popis: 1 sv. (nestránkováno)
Knihy
Uloženo v:
LEADER 00717nam 22002052a 4500
001 000769321
003 CZ BrMZK
005 20050523112811.0
007 ta
008 050406s1918 xr 000 cze d
040 |a BOA001  |b cze  |c BOA001 
100 1 |a Chaloupecký, Václav,  |d 1882-1951  |7 jk01050028  |4 aut 
245 1 0 |a Česká rebelie na Podřipsku :  |b historie o poddaných a pánech z let 1619-1621 /  |p Václav Chaloupecký 
260 |a Praha :  |b Českomoravské podniky tiskařské a vydavatelské,  |c 1918 
300 |a 1 sv. (nestránkováno) 
910 |a BOA001  |b 1-0096.012 
990 |a BK 
993 |a Y 
991 |b 200505 
996 6 |b 2619218671  |c 1-0096.012  |l MZK  |r Sklad / do 1 hodiny  |n 3  |w 000769321  |u 000010  |a 1  |e BOA001  |j MZK50  |s P